02186nam a2200445 a 4500001001200000003000800012006001900020007001500039008004100054010001700095020003900112020003700151020002700188040002100215035002100236043002100257050002600278082002000304100002500324245013800349260007000487300002400557490002100581504005100602505034600653533015200999650006901151650006101220650005601281650005601337650005101393650002201444651003501466651002601501655002901527710001701556830002201573856012601595999001901721ebr10460913CaPaEBRm u cr cn|||||||||091027s2010 ncua sb 001 0 eng d z 2009044821 z9780807833612 (cloth : alk. paper) z9780807871034 (pbk : alk. paper) z9780807895979 (e-book) aCaPaEBRcCaPaEBR a(OCoLC)671655840 anwcu---an-us---14aE184.C97bG875 2010eb04a305.896/0732221 aGuridy, Frank Andre.10aForging diasporah[electronic resource] :bAfro-Cubans and African Americans in a world of empire and Jim Crow /cFrank Andre Guridy. aChapel Hill [N.C.] :bUniversity of North Carolina Press,cc2010. axiv, 270 p. :bill.1 aEnvisioning Cuba aIncludes bibliographical references and index.0 aIntroduction : making diaspora in the shadow of empire and Jim Crow -- Forging diaspora in the midst of empire : the Tuskegee-Cuba connection -- Un dios, un fin, un destino : enacting diaspora in the Garvey movement -- Blues and son from Harlem to Havana -- Destination without humiliation : Black travel within the routes of discrimination. aElectronic reproduction.bPalo Alto, Calif. :cebrary,d2013.nAvailable via World Wide Web.nAccess may be limited to ebrary affiliated libraries. 0aAfrican AmericansxRelations with CubansxHistoryy20th century. 0aAfrican AmericansxRace identityxHistoryy20th century. 0aBlacksxRace identityzCubaxHistoryy20th century. 0aAfrican AmericansxSocial conditionsy20th century. 0aBlackszCubaxSocial conditionsy20th century. 0aAfrican diaspora. 0aUnited StatesxRace relations. 0aCubaxRace relations. 7aElectronic books.2local2 aebrary, Inc. 0aEnvisioning Cuba.40uhttp://site.ebrary.com/lib/rucke/Doc?id=10460913zAn electronic book accessible through the World Wide Web; click to view c125761d125761